| 000 | 00496 a2200193 4500 | ||
|---|---|---|---|
| 999 |
_c32188 _d32188 |
||
| 003 | OSt | ||
| 005 | 20260220121428.0 | ||
| 008 | 260220b ||||| |||| 00| 0 eng d | ||
| 020 | _a9789391820954 | ||
| 040 | _c. | ||
| 082 |
_a658.4012 _bP911 |
||
| 100 |
_93940 _aPrasad, L. M. |
||
| 245 |
_aStrategic Management / _cL. M. Prasad |
||
| 250 | _a8th rev ed. | ||
| 260 |
_bSultan Chand & Sons, _aNew Delhi : _c2024. |
||
| 300 | _a556 p. | ||
| 650 | 0 |
_92264 _aStrategic Management |
|
| 942 |
_2ddc _cBK |
||